[Event "7th Marlboro Classic"]
[Site "Manila PHI"]
[Date "1979.06.15"]
[Round "1"]
[White "Ardiansyah, Haji"]
[Black "Sampouw, Jacobus Sawandar"]
[WhiteElo "2380"]
[BlackElo "2320"]
[Result "1/2-1/2"]
[EventDate "1979.06.15"]
[PlyCount "20"]

1.Nf3 Nf6 2.c4 e6 3.Nc3 d5 4.d4 Be7 5.Bg5 O-O 6.e3 Nbd7 7.Bd3 c6 8.O-O 
dxc4 9.Bxc4 Nd5 10.Bxe7 Qxe7 1/2-1/2

[Event "7th Marlboro Classic"]
[Site "Manila PHI"]
[Date "1979.06.15"]
[Round "1"]
[White "Maninang, Jesus Rafael"]
[Black "Averbakh, Yury"]
[WhiteElo "2310"]
[BlackElo "2515"]
[Result "1/2-1/2"]
[EventDate "1979.06.15"]
[PlyCount "83"]

1.e4 e5 2.Nf3 Nc6 3.Bb5 a6 4.Ba4 Nf6 5.O-O d6 6.Bxc6+ bxc6 7.d4 exd4 8.
Nxd4 Bd7 9.Nc3 Be7 10.Qf3 c5 11.Nf5 Bxf5 12.Qxf5 Qd7 13.Qxd7+ Kxd7 14.b3 
Rhe8 15.f3 Bf8 16.Bg5 Ng8 17.Rad1 g6 18.Rd3 Bg7 19.Rfd1 Kc6 20.Kf2 Ne7 21.
Nd5 Nxd5 22.exd5+ Kd7 23.c4 Bd4+ 24.Be3 Bxe3+ 25.Rxe3 a5 26.Rxe8 Rxe8 27.
a4 c6 28.f4 Re4 29.dxc6+ Kxc6 30.Kf3 Rd4 31.Re1 Kd7 32.g4 d5 33.cxd5 Rxd5 
34.Ke3 Rd4 35.Rc1 Kd6 36.Rc3 Rb4 37.g5 c4 38.Rxc4 Rxb3+ 39.Ke4 Ra3 40.h4 
Ra1 41.Rd4+ Ke6 42.Rc4 1/2-1/2

[Event "7th Marlboro Classic"]
[Site "Manila PHI"]
[Date "1979.06.15"]
[Round "1"]
[White "Rogers, Ian"]
[Black "Bachtiar, Arovah"]
[WhiteElo "2390"]
[BlackElo "2365"]
[Result "1/2-1/2"]
[EventDate "1979.06.15"]
[PlyCount "88"]

1.c4 e6 2.g3 d5 3.Bg2 Nf6 4.Nf3 Be7 5.O-O O-O 6.d4 Nbd7 7.b3 a5 8.Nc3 Ne4 
9.Nxe4 dxe4 10.Ne5 f5 11.Nxd7 Qxd7 12.Bb2 a4 13.Qc2 axb3 14.axb3 Rxa1 15.
Rxa1 Bf6 16.e3 g5 17.Ra5 Qg7 18.b4 h5 19.b5 h4 20.Ra7 hxg3 21.hxg3 Qf7 22.
c5 Bg7 23.Ba3 Rd8 24.Qc4 Kh7 25.Bb4 Rd5 26.Ra8 Bd7 27.f3 f4 28.fxe4 Bxb5 
29.Qxb5 Rxd4 30.exd4 Bxd4+ 31.Kf1 fxg3+ 32.Ke1 Qf2+ 33.Kd1 Qxg2 34.Qd3 
Qg1+ 35.Be1 g2 36.Qh3+ Kg6 37.Rg8+ Bg7 38.Qc3 e5 39.Rxg7+ Kxg7 40.Qxe5+ 
Kg6 41.Qf5+ Kh5 42.Qf3+ Kg6 43.Qf5+ Kh5 44.Qf7+ Kg4 1/2-1/2

[Event "7th Marlboro Classic"]
[Site "Manila PHI"]
[Date "1979.06.15"]
[Round "1"]
[White "Torre, Eugenio"]
[Black "Shaw, Terrey Ian"]
[WhiteElo "2520"]
[BlackElo "2355"]
[Result "1/2-1/2"]
[EventDate "1979.06.15"]
[PlyCount "113"]

1.Nf3 d5 2.g3 Bf5 3.Bg2 e6 4.b3 Nf6 5.Bb2 Bd6 6.d3 Qe7 7.Nbd2 Ba3 8.Bxa3 
Qxa3 9.O-O O-O 10.Nh4 Bg6 11.c4 c6 12.Nxg6 hxg6 13.d4 Nbd7 14.Qc1 Qxc1 15.
Rfxc1 Rac8 16.Rc2 Rfd8 17.Rac1 Kf8 18.cxd5 exd5 19.b4 Nb6 20.e3 Ne8 21.a4 
Nxa4 22.b5 Nb6 23.bxc6 bxc6 24.Rxc6 Rxc6 25.Rxc6 Nf6 26.Rc5 Rc8 27.Ra5 
Rc1+ 28.Nf1 Rc7 29.h3 Nc4 30.Ra6 Ne4 31.g4 Ke7 32.Bf3 Ncd6 33.Ra2 g5 34.
Nd2 Nxd2 35.Rxd2 Nc4 36.Ra2 Nb6 37.Kf1 Kd6 38.Ke2 Nc4 39.Ra6+ Nb6 40.Kd3 
f6 41.Bg2 Kc6 42.Ra5 Kd6 43.f4 gxf4 44.exf4 g5 45.Ra2 gxf4 46.Rf2 a5 47.
Rxf4 Ke6 48.h4 a4 49.g5 fxg5 50.hxg5 Rf7 51.Bh3+ Ke7 52.Rxf7+ Kxf7 53.Bf5 
Nc4 54.Kc3 Nd6 55.g6+ Kf6 56.Bd3 Ne4+ 57.Kb4 1/2-1/2

[Event "7th Marlboro Classic"]
[Site "Manila PHI"]
[Date "1979.06.15"]
[Round "1"]
[White "Yap, Andronico"]
[Black "Dorfman, Iosif"]
[WhiteElo "2390"]
[BlackElo "2595"]
[Result "1-0"]
[EventDate "1979.06.15"]
[PlyCount "81"]

1.b3 d5 2.Bb2 Bg4 3.h3 Bh5 4.Nf3 Bxf3 5.exf3 e6 6.g3 a5 7.a4 Ne7 8.f4 Nd7 
9.Bg2 h5 10.O-O Nf5 11.c4 c6 12.cxd5 cxd5 13.Re1 Bc5 14.d4 Bb4 15.Bc3 Nf6 
16.Qd3 O-O 17.Na3 Bxc3 18.Qxc3 Rc8 19.Qd3 Qb6 20.Nb5 Rc6 21.Bf3 Rfc8 22.g4
hxg4 23.hxg4 Nh4 24.Bh1 Qd8 25.g5 Ne8 26.Qg3 Nf5 27.Qh2 Qb6 28.Rad1 Nc7 
29.Bf3 Nxb5 30.axb5 Qxb5 31.Bg4 Qxb3 32.Bxf5 exf5 33.Kg2 Rc2 34.Qh4 Qb2 
35.Rb1 Qxd4 36.Rxb7 g6 37.Rbe7 Rf8 38.R7e5 Qxe5 39.fxe5 Rc4 40.Qh6 Rg4+ 
41.Kf3 1-0

[Event "7th Marlboro Classic"]
[Site "Manila PHI"]
[Date "1979.06.15"]
[Round "2"]
[White "Averbakh, Yury"]
[Black "Torre, Eugenio"]
[WhiteElo "2515"]
[BlackElo "2520"]
[Result "1/2-1/2"]
[EventDate "1979.06.15"]
[PlyCount "41"]

1.c4 c5 2.Nf3 Nf6 3.Nc3 d5 4.cxd5 Nxd5 5.e3 e6 6.d4 cxd4 7.exd4 Be7 8.Bd3 
Nc6 9.O-O O-O 10.Re1 Bf6 11.Be4 Nce7 12.Qd3 g6 13.Ne5 Bg7 14.Bf3 b6 15.b3 
Bb7 16.Ba3 Re8 17.Bxe7 Rxe7 18.Nxd5 Bxd5 19.Rac1 Qd6 20.Bxd5 Qxd5 21.Qc4 
1/2-1/2

[Event "7th Marlboro Classic"]
[Site "Manila PHI"]
[Date "1979.06.15"]
[Round "2"]
[White "Bachtiar, Arovah"]
[Black "Ardiansyah, Haji"]
[WhiteElo "2365"]
[BlackElo "2380"]
[Result "1/2-1/2"]
[EventDate "1979.06.15"]
[PlyCount "46"]

1.d4 Nf6 2.c4 d5 3.cxd5 Nxd5 4.e4 Nb6 5.Nc3 g6 6.Be3 Bg7 7.h3 O-O 8.Nf3 c6
9.Be2 Be6 10.O-O Bc4 11.Rc1 N8d7 12.b3 Bxe2 13.Qxe2 e5 14.Rfd1 exd4 15.
Bxd4 Qe7 16.Qe3 Rad8 17.Bxg7 Kxg7 18.Rd4 Ne5 19.Nxe5 Qxe5 20.Rcd1 Rxd4 21.
Qxd4 Qxd4 22.Rxd4 Kf6 23.f4 Ke7 1/2-1/2

[Event "7th Marlboro Classic"]
[Site "Manila PHI"]
[Date "1979.06.15"]
[Round "2"]
[White "Dorfman, Iosif"]
[Black "Maninang, Jesus Rafael"]
[WhiteElo "2595"]
[BlackElo "2310"]
[Result "1/2-1/2"]
[EventDate "1979.06.15"]
[PlyCount "48"]

1.d4 Nf6 2.c4 e6 3.g3 d5 4.Bg2 Be7 5.Nf3 O-O 6.O-O dxc4 7.Qc2 a6 8.a4 Bd7 
9.Qxc4 Bc6 10.Bf4 a5 11.Nc3 Na6 12.Rfd1 Bd5 13.Nxd5 exd5 14.Qb3 Nb4 15.Ne5
c6 16.Bd2 Bd6 17.e3 Qe7 18.Nd3 Nxd3 19.Qxd3 Ra6 20.b3 Bb4 21.Bc1 Re8 22.
Ra2 Ne4 23.Rf1 Raa8 24.f3 Nd6 1/2-1/2

[Event "7th Marlboro Classic"]
[Site "Manila PHI"]
[Date "1979.06.15"]
[Round "2"]
[White "Keene, Raymond Dennis"]
[Black "Yap, Andronico"]
[WhiteElo "2465"]
[BlackElo "2390"]
[Result "1-0"]
[EventDate "1979.06.15"]
[PlyCount "82"]

1.Nf3 g6 2.c4 Bg7 3.d4 d6 4.g3 Nd7 5.Bg2 e5 6.Nc3 Ne7 7.O-O O-O 8.e4 Nc6 
9.Bg5 f6 10.Be3 exd4 11.Nxd4 Nde5 12.Nde2 Be6 13.b3 f5 14.Nf4 Bd7 15.exf5 
Bxf5 16.h3 Nf3+ 17.Qxf3 Bxc3 18.Rac1 Bg7 19.Qd5+ Kh8 20.Ne6 Bxe6 21.Qxe6 
Ne5 22.Qd5 Rb8 23.Rc2 Nc6 24.Qd1 Qc8 25.Kh2 a5 26.Re2 Qd7 27.c5 Rbd8 28.
cxd6 Qf5 29.Rd2 cxd6 30.Rxd6 Rxd6 31.Qxd6 Rd8 32.Qc7 Be5 33.Qxb7 Nb4 34.
Qe7 Qf6 35.Qxf6+ Bxf6 36.Bb6 Rb8 37.Bc7 Rc8 38.Bxa5 Nxa2 39.Rd1 Nc1 40.b4 
Nb3 41.Rd6 Bc3 1-0

[Event "7th Marlboro Classic"]
[Site "Manila PHI"]
[Date "1979.06.15"]
[Round "2"]
[White "Olafsson, Fridrik"]
[Black "Sampouw, Jacobus Sawandar"]
[WhiteElo "2555"]
[BlackElo "2320"]
[Result "1-0"]
[EventDate "1979.06.15"]
[PlyCount "81"]

1.d4 Nf6 2.c4 e6 3.Nf3 Be7 4.Nc3 d5 5.Bf4 O-O 6.e3 c6 7.Qc2 Nbd7 8.Bd3 
dxc4 9.Bxc4 Nb6 10.Be2 Nbd5 11.Bg3 Qa5 12.O-O Nxc3 13.bxc3 c5 14.Ne5 Bd7 
15.Nxd7 Nxd7 16.Bf3 cxd4 17.cxd4 Rac8 18.Qe4 b5 19.Qb7 Rfd8 20.Bc6 Qb6 21.
Qxb6 Nxb6 22.Bxb5 Ba3 23.Rfb1 Nd5 24.Rb3 Bf8 25.h3 a5 26.Kf1 Rc2 27.Bd3 
Rcc8 28.a3 Rc3 29.Rxc3 Nxc3 30.Bc7 Ra8 31.e4 Ra7 32.Bb6 Ra8 33.Bc7 Ra7 34.
Bf4 Rb7 35.Bd2 Nb5 36.Bxb5 Rxb5 37.a4 Rb3 38.Bxa5 Rd3 39.Bb6 Rb3 40.a5 Bb4
41.a6 1-0

[Event "7th Marlboro Classic"]
[Site "Manila PHI"]
[Date "1979.06.15"]
[Round "2"]
[White "Shaw, Terrey Ian"]
[Black "Rogers, Ian"]
[WhiteElo "2355"]
[BlackElo "2390"]
[Result "1-0"]
[EventDate "1979.06.15"]
[PlyCount "183"]

1.e4 d5 2.exd5 Qxd5 3.Nc3 Qa5 4.Nf3 Nf6 5.d3 Bg4 6.h3 Bh5 7.Be2 c6 8.O-O 
Nbd7 9.Nd2 Bg6 10.Nc4 Qc7 11.Bg5 Nb6 12.Nxb6 Qxb6 13.Qd2 Qc7 14.Bf4 Qd7 
15.Bf3 e6 16.Rfe1 Be7 17.d4 O-O 18.Rad1 Nd5 19.Ne4 Nxf4 20.Qxf4 Qd8 21.c3 
Qa5 22.a3 Rfd8 23.Qe3 h6 24.Be2 Qc7 25.Bd3 b6 26.Ng3 Bg5 27.Qf3 Bxd3 28.
Rxd3 Rd7 29.Ne4 Bf4 30.g3 Bd6 31.Red1 Be7 32.Nd2 Rad8 33.Nc4 Bf6 34.Ne3 
Be7 35.Ng4 Bd6 36.Kg2 b5 37.h4 Bf8 38.Ne5 Rd5 39.Qe4 c5 40.Ng4 cxd4 41.
Rxd4 Rxd4 42.cxd4 Qc4 43.Ne5 Qd5 44.Qxd5 Rxd5 45.Nf3 Bc5 46.Rc1 Bb6 47.
Rc8+ Kh7 48.Rf8 Rd7 49.Ne5 Rxd4 50.Rxf7 h5 51.Nf3 Rc4 52.Rd7 Rc6 53.Rd2 a6
54.Re2 Bd8 55.Nd4 Rd6 56.Nxe6 Bf6 57.Nf4 g6 58.b3 Kh6 59.Re6 Rxe6 60.Nxe6 
Bb2 61.a4 bxa4 62.bxa4 a5 63.Kf3 Bc3 64.Ke4 Bb4 65.Kf4 Bd6+ 66.Kf3 Bb4 67.
Kg2 Bc3 68.f3 Be1 69.Kh3 Bc3 70.Nc5 Bb2 71.Nb3 Bc3 72.Nc5 Bb2 73.Ne4 Ba3 
74.g4 hxg4+ 75.fxg4 Bb4 76.Ng5 Kg7 77.Nf3 Kh6 78.Kg3 Bd6+ 79.Kf2 Bc5+ 80.
Ke2 Be7 81.Kd3 Bb4 82.Kc4 Be7 83.Kd5 Bb4 84.Kc6 Bc3 85.Kb5 Bb4 86.Kc4 Be7 
87.Kb5 Bb4 88.Ne5 Be1 89.Ka6 Bg3 90.Nf3 Bc7 91.Kb5 Bd8 92.Ng5 1-0

[Event "7th Marlboro Classic"]
[Site "Manila PHI"]
[Date "1979.06.17"]
[Round "3"]
[White "Ardiansyah, Haji"]
[Black "Shaw, Terrey Ian"]
[WhiteElo "2380"]
[BlackElo "2355"]
[Result "1/2-1/2"]
[EventDate "1979.06.15"]
[PlyCount "60"]

1.Nf3 d5 2.c4 dxc4 3.e3 Nf6 4.Bxc4 e6 5.O-O c5 6.b3 Nc6 7.Bb2 Be7 8.d4 a6 
9.Nbd2 b5 10.Be2 Bb7 11.a4 bxa4 12.Rxa4 cxd4 13.Nxd4 Nxd4 14.Bxd4 O-O 15.
Bf3 Bxf3 16.Nxf3 Qd5 17.Ne5 Rfb8 18.Rc4 Rc8 19.Qa1 Qb7 20.Rfc1 Bf8 21.Nc6 
Ne8 22.h3 Nd6 23.Na5 Qd7 24.Rc6 Rxc6 25.Nxc6 Nf5 26.Bb2 Qd5 27.Qa4 Qb5 28.
Qxb5 axb5 29.Ra1 Rxa1+ 30.Bxa1 Bc5 1/2-1/2

[Event "7th Marlboro Classic"]
[Site "Manila PHI"]
[Date "1979.06.17"]
[Round "3"]
[White "Maninang, Jesus Rafael"]
[Black "Keene, Raymond Dennis"]
[WhiteElo "2310"]
[BlackElo "2465"]
[Result "1/2-1/2"]
[EventDate "1979.06.15"]
[PlyCount "39"]

1.e4 c5 2.Nf3 Nc6 3.d4 cxd4 4.Nxd4 g6 5.c4 Bg7 6.Be3 Nf6 7.Nc3 Ng4 8.Qxg4 
Nxd4 9.Qd1 Ne6 10.Qd2 Qa5 11.Rc1 d6 12.Be2 Bd7 13.b3 Bc6 14.f3 f5 15.exf5 
gxf5 16.O-O O-O 17.Rfd1 f4 18.Nd5 Qxd2 19.Bxd2 Rf7 20.Bc3 1/2-1/2

[Event "7th Marlboro Classic"]
[Site "Manila PHI"]
[Date "1979.06.17"]
[Round "3"]
[White "Rogers, Ian"]
[Black "Averbakh, Yury"]
[WhiteElo "2390"]
[BlackElo "2515"]
[Result "1/2-1/2"]
[EventDate "1979.06.15"]
[PlyCount "82"]

1.e4 e5 2.Nc3 Nf6 3.Bc4 Bc5 4.d3 d6 5.Bg5 h6 6.Bh4 Nc6 7.Na4 Bb6 8.Nxb6 
axb6 9.f3 Be6 10.Ne2 Qe7 11.c3 Bxc4 12.dxc4 Qe6 13.b3 Nd7 14.Ng3 g6 15.Nf1
f6 16.Ne3 Ne7 17.O-O O-O 18.Kh1 Kh7 19.a4 g5 20.Bf2 f5 21.exf5 Nxf5 22.Nd5
Rac8 23.Ra2 Nf6 24.Re2 Nxd5 25.Qxd5 Qxd5 26.cxd5 Ra8 27.Rd1 Ne7 28.c4 Ng8 
29.Rd3 Nf6 30.g3 Kg6 31.h3 h5 32.Kg2 g4 33.fxg4 hxg4 34.hxg4 Nxg4 35.Rf3 
Rxf3 36.Kxf3 Nxf2 37.Rxf2 Rf8+ 38.Kg2 Rxf2+ 39.Kxf2 Kf5 40.Kf3 Kg5 41.b4 
Kh5 1/2-1/2

[Event "7th Marlboro Classic"]
[Site "Manila PHI"]
[Date "1979.06.17"]
[Round "3"]
[White "Sampouw, Jacobus Sawandar"]
[Black "Bachtiar, Arovah"]
[WhiteElo "2320"]
[BlackElo "2365"]
[Result "1/2-1/2"]
[EventDate "1979.06.15"]
[PlyCount "29"]

1.c4 c5 2.Nf3 g6 3.g3 Bg7 4.Bg2 Nf6 5.Nc3 O-O 6.O-O Nc6 7.d3 d6 8.Bd2 h6 
9.a3 Kh7 10.Rb1 a5 11.h3 Ne8 12.Kh2 e5 13.e4 f5 14.exf5 Bxf5 15.Be3 
1/2-1/2

[Event "7th Marlboro Classic"]
[Site "Manila PHI"]
[Date "1979.06.17"]
[Round "3"]
[White "Torre, Eugenio"]
[Black "Dorfman, Iosif"]
[WhiteElo "2520"]
[BlackElo "2595"]
[Result "1/2-1/2"]
[EventDate "1979.06.15"]
[PlyCount "28"]

1.Nf3 d5 2.d4 Nf6 3.c4 c6 4.Nc3 e6 5.e3 Nbd7 6.Qc2 Bd6 7.b3 O-O 8.Be2 Qe7 
9.O-O dxc4 10.bxc4 e5 11.Re1 Re8 12.Bb2 e4 13.Nd2 Nf8 14.f3 exf3 1/2-1/2

[Event "7th Marlboro Classic"]
[Site "Manila PHI"]
[Date "1979.06.17"]
[Round "3"]
[White "Yap, Andronico"]
[Black "Rodriguez, Ruben"]
[WhiteElo "2390"]
[BlackElo "2370"]
[Result "0-1"]
[EventDate "1979.06.15"]
[PlyCount "65"]

1.e4 e5 2.Nc3 Nf6 3.f4 d5 4.fxe5 Nxe4 5.Nf3 Be7 6.d4 Nc6 7.Bd3 f5 8.exf6 
Nxf6 9.O-O Bg4 10.Be3 O-O 11.h3 Bh5 12.Qe1 h6 13.g4 Be8 14.Qg3 Nh7 15.Bf4 
Rc8 16.Bf5 Bd7 17.Bg6 Bf6 18.Ne5 Ne7 19.Bd3 Be8 20.h4 Bxe5 21.Bxe5 Bg6 22.
Rxf8+ Nxf8 23.g5 h5 24.Re1 Bxd3 25.cxd3 Qd7 26.Qf3 Nfg6 27.Qxh5 c6 28.Kg2 
Rf8 29.Ne2 Nxe5 30.dxe5 g6 31.Qh6 Qg4+ 32.Ng3 Rf3 33.Qh8+ 0-1

[Event "7th Marlboro Classic"]
[Site "Manila PHI"]
[Date "1979.06.18"]
[Round "4"]
[White "Averbakh, Yury"]
[Black "Ardiansyah, Haji"]
[WhiteElo "2515"]
[BlackElo "2380"]
[Result "1/2-1/2"]
[EventDate "1979.06.15"]
[PlyCount "33"]

1.c4 c5 2.Nf3 Nf6 3.Nc3 Nc6 4.e3 g6 5.d4 cxd4 6.exd4 d5 7.cxd5 Nxd5 8.Bc4 
Nb6 9.Bb3 Bg7 10.d5 Na5 11.O-O O-O 12.Re1 Nxb3 13.axb3 e6 14.d6 Bd7 15.Ne5
Bc6 16.Nxc6 bxc6 17.Be3 1/2-1/2

[Event "7th Marlboro Classic"]
[Site "Manila PHI"]
[Date "1979.06.18"]
[Round "4"]
[White "Dorfman, Iosif"]
[Black "Rogers, Ian"]
[WhiteElo "2595"]
[BlackElo "2390"]
[Result "1-0"]
[EventDate "1979.06.15"]
[PlyCount "84"]

1.d4 e6 2.Nf3 Nf6 3.c4 c5 4.d5 b5 5.Bg5 exd5 6.cxd5 d6 7.a4 Be7 8.axb5 a6 
9.Nc3 O-O 10.e4 Bb7 11.bxa6 Nxa6 12.Bc4 Nxe4 13.Nxe4 f5 14.Nxd6 Qxd6 15.
O-O Rfe8 16.Bb5 Red8 17.Bxe7 Qxe7 18.Re1 Qf8 19.Bc4 Rd6 20.Re5 Nc7 21.Rxa8
Qxa8 22.Rxf5 Bxd5 23.h4 Qd8 24.Qe2 h6 25.Re5 Kf8 26.b3 Qf6 27.Qc2 Kg8 28.
Bxd5+ Nxd5 29.Qc4 Qd8 30.Qxc5 Nf6 31.Qc4+ Kh8 32.Re1 Qa5 33.b4 Qf5 34.b5 
Nd5 35.Re8+ Kh7 36.Qe4 Qxe4 37.Rxe4 Rb6 38.Nd4 Nc7 39.Re5 Kg6 40.Rc5 Ne8 
41.Rc6+ Rxc6 42.Nxc6 Nd6 1-0

[Event "7th Marlboro Classic"]
[Site "Manila PHI"]
[Date "1979.06.18"]
[Round "4"]
[White "Keene, Raymond Dennis"]
[Black "Torre, Eugenio"]
[WhiteElo "2465"]
[BlackElo "2520"]
[Result "0-1"]
[EventDate "1979.06.15"]
[PlyCount "81"]

1.d4 Nf6 2.c4 g6 3.Nf3 Bg7 4.Nc3 O-O 5.e4 d6 6.Be2 e5 7.O-O Nbd7 8.d5 Nc5 
9.Qc2 a5 10.Bg5 h6 11.Be3 b6 12.Nd2 Bg4 13.f3 Bd7 14.b3 Nh5 15.a3 Nf4 16.
Rfe1 Qg5 17.Bf1 Ncd3 18.g3 Nxe1 19.Rxe1 Qf6 20.Nb5 Nh3+ 21.Bxh3 Bxh3 22.
Nxc7 Rab8 23.b4 Qe7 24.Nb5 axb4 25.axb4 Rb7 26.Qa4 Rfb8 27.Ra1 Kh7 28.Qb3 
Bd7 29.Ra6 Bxb5 30.cxb5 Qd7 31.Qd3 h5 32.Bf2 Bf6 33.Kg2 Be7 34.Nc4 Kg8 35.
h3 Kg7 36.Kh2 Kg8 37.Kg2 Kh7 38.Kh2 Qxb5 39.Nxe5 Qxd3 40.Nxd3 Rc8 41.b5 
0-1

[Event "7th Marlboro Classic"]
[Site "Manila PHI"]
[Date "1979.06.18"]
[Round "4"]
[White "Olafsson, Fridrik"]
[Black "Bachtiar, Arovah"]
[WhiteElo "2555"]
[BlackElo "2365"]
[Result "1/2-1/2"]
[EventDate "1979.06.15"]
[PlyCount "49"]

1.Nf3 Nf6 2.c4 e6 3.g3 d5 4.Bg2 Be7 5.O-O O-O 6.b3 dxc4 7.bxc4 c5 8.Bb2 
Nc6 9.Ne5 Nxe5 10.Bxe5 Nd7 11.Bb2 Bf6 12.Qc2 Rb8 13.Bxf6 Nxf6 14.Nc3 b6 
15.Nb5 a6 16.Nc3 Bb7 17.Bxb7 Rxb7 18.Rab1 Qd7 19.Rfd1 b5 20.Ne4 Nxe4 21.
Qxe4 Rfb8 22.Rb3 g6 23.h4 h5 24.Kh2 bxc4 25.Rc3 1/2-1/2

[Event "7th Marlboro Classic"]
[Site "Manila PHI"]
[Date "1979.06.18"]
[Round "4"]
[White "Rodriguez, Ruben"]
[Black "Maninang, Jesus Rafael"]
[WhiteElo "2370"]
[BlackElo "2310"]
[Result "1-0"]
[EventDate "1979.06.15"]
[PlyCount "45"]

1.d4 Nf6 2.c4 e6 3.Nf3 b6 4.Nc3 d5 5.Bg5 Be7 6.cxd5 exd5 7.e3 O-O 8.Be2 
Re8 9.O-O Bb7 10.Ne5 Ne4 11.Nxe4 Bxg5 12.Nxg5 Qxg5 13.Qa4 c6 14.Bf3 Qe7 
15.Rfc1 f6 16.Nxc6 Bxc6 17.Rxc6 Qd7 18.Rc4 b5 19.Qa5 dxc4 20.Bxa8 a6 21.
Qb6 Rc8 22.Bb7 Rc7 23.Bd5+ 1-0

[Event "7th Marlboro Classic"]
[Site "Manila PHI"]
[Date "1979.06.18"]
[Round "4"]
[White "Shaw, Terrey Ian"]
[Black "Sampouw, Jacobus Sawandar"]
[WhiteElo "2355"]
[BlackElo "2320"]
[Result "0-1"]
[EventDate "1979.06.15"]
[PlyCount "74"]

1.e4 e5 2.Nc3 Nf6 3.g3 Nc6 4.Bg2 Bc5 5.d3 h6 6.Nge2 d6 7.Na4 Bb6 8.Nxb6 
axb6 9.O-O Bg4 10.f3 Be6 11.c4 Qc8 12.Be3 h5 13.h4 Bh3 14.d4 Rg8 15.Qd2 
Nh7 16.Kh2 Bxg2 17.Kxg2 f6 18.Rh1 Qd7 19.b3 g5 20.dxe5 Nxe5 21.hxg5 fxg5 
22.Nd4 h4 23.Nf5 g4 24.f4 h3+ 25.Kf2 Nf6 26.Qd4 c5 27.Nxd6+ Qxd6 28.Qxd6 
Nxe4+ 29.Ke2 Nxg3+ 30.Kd1 Rd8 31.Kc2 Rxd6 32.fxe5 Nxh1 33.exd6 Ng3 34.Bf4 
Nh5 35.Re1+ Kd8 36.Be3 Kd7 37.Kd3 Re8 0-1

[Event "7th Marlboro Classic"]
[Site "Manila PHI"]
[Date "1979.06.19"]
[Round "5"]
[White "Ardiansyah, Haji"]
[Black "Dorfman, Iosif"]
[WhiteElo "2380"]
[BlackElo "2595"]
[Result "1/2-1/2"]
[EventDate "1979.06.15"]
[PlyCount "51"]

1.d4 d5 2.c4 c6 3.Nc3 Nf6 4.cxd5 cxd5 5.Nf3 Nc6 6.a3 Bf5 7.Bf4 e6 8.e3 Rc8
9.Qb3 Bd6 10.Bxd6 Qxd6 11.Qxb7 O-O 12.Qa6 Rb8 13.Bb5 Rb6 14.Qa4 Ne7 15.
Qxa7 Rfb8 16.a4 Be4 17.O-O Bxf3 18.gxf3 Nf5 19.Rfc1 Nh4 20.Be2 Qd8 21.Nd1 
Ne8 22.Bb5 Qg5+ 23.Kf1 Qg2+ 24.Ke2 Qxf3+ 25.Kd2 Nd6 26.Rc6 1/2-1/2

[Event "7th Marlboro Classic"]
[Site "Manila PHI"]
[Date "1979.06.19"]
[Round "5"]
[White "Bachtiar, Arovah"]
[Black "Shaw, Terrey Ian"]
[WhiteElo "2365"]
[BlackElo "2355"]
[Result "1/2-1/2"]
[EventDate "1979.06.15"]
[PlyCount "112"]

1.e4 e5 2.Nf3 Nc6 3.Bb5 a6 4.Ba4 Nf6 5.O-O Be7 6.Re1 b5 7.Bb3 d6 8.c3 O-O 
9.h3 Na5 10.Bc2 c5 11.d4 Qc7 12.Nbd2 Nc6 13.d5 Nd8 14.Nf1 Ne8 15.Ng3 g6 
16.Bh6 Ng7 17.Qd2 f6 18.a4 Rb8 19.axb5 axb5 20.b4 Nf7 21.Bxg7 Kxg7 22.Ra5 
Bd7 23.Rea1 Rb7 24.Bd3 c4 25.Bc2 Rfb8 26.Qc1 Qc8 27.Qb1 Bd8 28.Ra6 Bb6 29.
Qc1 Qc7 30.Nh2 Nh6 31.Nhf1 Rf8 32.Ne3 Ng8 33.Qd2 Rbb8 34.Kh2 Qb7 35.Bd1 
Ra8 36.Rxa8 Rxa8 37.Rxa8 Qxa8 38.Bg4 Qc8 39.Bxd7 Qxd7 40.Nef1 h5 41.Ne3 
Qa7 42.Ngf1 Qa1 43.g4 h4 44.Kg2 Ne7 45.Nd1 g5 46.Nfe3 Bxe3 47.fxe3 Qb1 48.
Nf2 Nc8 49.Qe2 Qb3 50.Qd2 Kh6 51.Qd1 Qxd1 52.Nxd1 Nb6 53.Kf2 Na4 54.Ke2 
Kg7 55.Kd2 Kf7 56.Kc2 Ke7 1/2-1/2

[Event "7th Marlboro Classic"]
[Site "Manila PHI"]
[Date "1979.06.19"]
[Round "5"]
[White "Rogers, Ian"]
[Black "Keene, Raymond Dennis"]
[WhiteElo "2390"]
[BlackElo "2465"]
[Result "1/2-1/2"]
[EventDate "1979.06.15"]
[PlyCount "31"]

1.d4 Nf6 2.c4 d6 3.Nc3 e5 4.Nf3 e4 5.Nd2 Bf5 6.Qc2 c6 7.g4 Bg6 8.e3 Nxg4 
9.Ndxe4 d5 10.cxd5 cxd5 11.Qa4+ Nc6 12.Bb5 Qd7 13.h3 Nh6 14.Ng3 Bd6 15.
Nxd5 Bxg3 16.Nb6 1/2-1/2

[Event "7th Marlboro Classic"]
[Site "Manila PHI"]
[Date "1979.06.19"]
[Round "5"]
[White "Torre, Eugenio"]
[Black "Rodriguez, Ruben"]
[WhiteElo "2520"]
[BlackElo "2370"]
[Result "1-0"]
[EventDate "1979.06.15"]
[PlyCount "103"]

1.e4 c5 2.Nf3 d6 3.d4 cxd4 4.Nxd4 Nf6 5.Nc3 a6 6.Bg5 e6 7.f4 Qb6 8.Nb3 
Nbd7 9.Qe2 Qc7 10.g3 Be7 11.O-O-O h6 12.Bh4 b5 13.Bg2 Rb8 14.Rhe1 b4 15.
Nd5 exd5 16.exd5 O-O 17.Qxe7 Re8 18.Qxe8+ Nxe8 19.Rxe8+ Nf8 20.Bd8 Qa7 21.
Nd4 Bd7 22.Nc6 Qf2 23.Nxb8 Bxe8 24.Bf1 Bb5 25.Bxb5 axb5 26.b3 Qa7 27.Nc6 
Qxa2 28.Ba5 Qa1+ 29.Kd2 Qc3+ 30.Kc1 Qe3+ 31.Kb1 Nd7 32.Bxb4 Nc5 33.Nd4 Ne4
34.Nf5 Qe2 35.Rd4 Qg2 36.Kb2 g6 37.Nxd6 Nf6 38.Rd2 Qh1 39.Nc8 Qe4 40.Bc3 
Nd7 41.Nd6 Qe3 42.Nxb5 Qc5 43.Na3 f6 44.Nc4 Qe7 45.d6 Qe6 46.Rd3 Qh3 47.
Re3 g5 48.Re8+ Kf7 49.Re7+ Kg6 50.Ne3 gxf4 51.gxf4 Nc5 52.Bd4 1-0

[Event "7th Marlboro Classic"]
[Site "Manila PHI"]
[Date "1979.06.21"]
[Round "6"]
[White "Dorfman, Iosif"]
[Black "Sampouw, Jacobus Sawandar"]
[WhiteElo "2595"]
[BlackElo "2320"]
[Result "1-0"]
[EventDate "1979.06.15"]
[PlyCount "69"]

1.e4 e5 2.Nf3 Nc6 3.Bb5 a6 4.Ba4 Nf6 5.O-O b5 6.Bb3 Be7 7.Re1 O-O 8.c3 d5 
9.exd5 Nxd5 10.Nxe5 Nxe5 11.Rxe5 c6 12.Bxd5 cxd5 13.d4 Bd6 14.Re3 a5 15.a4
bxa4 16.Rxa4 Ra6 17.Re1 Bf5 18.Ra1 Qh4 19.g3 Qh3 20.Qe2 Rfa8 21.Nd2 h5 22.
Qf1 Qg4 23.Qg2 h4 24.f3 Qg6 25.g4 Bd3 26.Nf1 f5 27.gxf5 Qxf5 28.Ne3 Re8 
29.Qxg7+ Kxg7 30.Nxf5+ Bxf5 31.Rxe8 Kf7 32.Rh8 Be7 33.Bf4 Rg6+ 34.Kf2 Rb6 
35.Rb8 1-0

[Event "7th Marlboro Classic"]
[Site "Manila PHI"]
[Date "1979.06.21"]
[Round "6"]
[White "Keene, Raymond Dennis"]
[Black "Ardiansyah, Haji"]
[WhiteElo "2465"]
[BlackElo "2380"]
[Result "1/2-1/2"]
[EventDate "1979.06.15"]
[PlyCount "55"]

1.d4 d5 2.c4 c6 3.Nc3 Nf6 4.Nf3 g6 5.e3 Bg7 6.Be2 O-O 7.O-O h6 8.Bd2 Be6 
9.cxd5 cxd5 10.Qb3 Qb6 11.Qxb6 axb6 12.Rfc1 Nc6 13.b3 Rfc8 14.Na4 Nd7 15.
Ne1 Bf5 16.g4 Be6 17.Nd3 f5 18.Nf4 Bf7 19.gxf5 gxf5 20.Bd3 e6 21.Kh1 Kh8 
22.Rg1 Bf6 23.Rg2 Rg8 24.Rag1 Rxg2 25.Rxg2 Bg5 26.Nh3 Bh4 27.Nf4 Bg5 28.
Nh3 1/2-1/2

[Event "7th Marlboro Classic"]
[Site "Manila PHI"]
[Date "1979.06.21"]
[Round "6"]
[White "Olafsson, Fridrik"]
[Black "Shaw, Terrey Ian"]
[WhiteElo "2555"]
[BlackElo "2355"]
[Result "1-0"]
[EventDate "1979.06.15"]
[PlyCount "89"]

1.c4 Nf6 2.Nc3 d5 3.cxd5 Nxd5 4.Nf3 c5 5.d4 cxd4 6.Qxd4 Nxc3 7.Qxc3 Nc6 8.
e4 e6 9.Bb5 Qb6 10.Bxc6+ Qxc6 11.Qxc6+ bxc6 12.O-O Ba6 13.Re1 Bb4 14.Bd2 
Bxd2 15.Nxd2 O-O-O 16.Nb3 e5 17.Rac1 Bb7 18.f3 f6 19.Rc3 Rd6 20.Re2 Rhd8 
21.Kf2 Ba6 22.Rec2 Bb5 23.Nc5 Rd2+ 24.Ke3 Rxc2 25.Rxc2 Bf1 26.Rc1 Bxg2 27.
Rg1 Bh3 28.Rxg7 Kb8 29.Rb7+ Ka8 30.Rxh7 Bc8 31.Rc7 Kb8 32.Rxc6 f5 33.exf5 
Bxf5 34.Rf6 Bb1 35.a3 Rh8 36.Nd7+ Kc7 37.Nxe5 Rxh2 38.Rf7+ Kb6 39.Nc4+ Ka6
40.Nd2 Ba2 41.b3 Bxb3 42.Nxb3 Ra2 43.Rf6+ Kb5 44.Nd4+ Ka5 45.Nc6+ 1-0

[Event "7th Marlboro Classic"]
[Site "Manila PHI"]
[Date "1979.06.21"]
[Round "6"]
[White "Rodriguez, Ruben"]
[Black "Rogers, Ian"]
[WhiteElo "2370"]
[BlackElo "2390"]
[Result "1/2-1/2"]
[EventDate "1979.06.15"]
[PlyCount "115"]

1.c4 c5 2.Nf3 g6 3.d4 cxd4 4.Nxd4 Bg7 5.e4 Nc6 6.Nc2 d6 7.Be2 f5 8.exf5 
Bxf5 9.O-O Nh6 10.Nc3 O-O 11.Nd5 Kh8 12.Bd2 e6 13.Nde3 Qh4 14.Bc3 Bxc3 15.
bxc3 Bxc2 16.Nxc2 Rad8 17.Qd2 Nf5 18.Rad1 Qf6 19.Nd4 Na5 20.Rde1 b6 21.Nb3
Nc6 22.f4 a5 23.a4 Nce7 24.g4 Ng7 25.Qd4 Qh4 26.Qf2 Qxf2+ 27.Rxf2 Rc8 28.
Bf1 d5 29.Nd4 dxc4 30.Nxe6 Nxe6 31.Rxe6 Nd5 32.Rf3 Rxf4 33.Rxf4 Nxf4 34.
Rd6 Kg7 35.Kf2 Rc5 36.Rxb6 Nd5 37.Rb5 Nxc3 38.Rxc5 Ne4+ 39.Ke3 Nxc5 40.Kd4
Nxa4 41.Kxc4 g5 42.Kb5 Nc3+ 43.Kxa5 Kf6 44.Kb4 Ne4 45.Bd3 Ke5 46.h3 Kd4 
47.Bf1 h6 48.Bg2 Nd2 49.Bb7 Nf1 50.Kb5 Ke3 51.Kc5 Kf2 52.Kd4 Kg3 53.Ke5 
Kxh3 54.Kf5 Ne3+ 55.Kg6 Kxg4 56.Kxh6 Kf4 57.Bf3 Nf5+ 58.Kh5 1/2-1/2